Wojskowe przepisy dyscyplinarne wraz z komentarzem /

Bibliographic Details
Corporate Authors: Poland, Poland. Ministerstwo Obrony Narodowej. Departament Społeczno-Wychowawczy
Other Authors: Czułnowski, Marek
Format: Book
Language:Polish
Published: Warszawa : Konjan, 1999-2000.
Subjects:

MARC

Tag First Indicator Second Indicator Subfields
LEADER 00000cam a2200000 a 4500
001 in00002016000
005 20151031155205.0
008 010824m19992000pl k l 000 0 pol
010 |a  2001425285  |z  2001343215 
020 |a 8390929414 (v. 1) 
020 |a 8390929449 (v. 2) 
020 |a 8390929457 (v. 3) 
035 |a (OCoLC)ocm51805057 
040 |a DLC  |c DLC  |d TXA  |d UtOrBLW 
043 |a e-pl--- 
049 |a TXAM 
050 0 0 |a KKP3780.A311997  |b P65 1999 
110 1 |a Poland. 
240 1 0 |a Ustawa z dnia 4 września 1997 r. o dyscyplinie wojskowej 
245 1 0 |a Wojskowe przepisy dyscyplinarne wraz z komentarzem /  |c [komentarz, Marek Czułnowski and others]. 
264 1 |a Warszawa :  |b Konjan,  |c 1999-2000. 
300 |a 3 volumes :  |b forms ;  |c 21 cm. 
336 |a text  |b txt  |2 rdacontent 
337 |a unmediated  |b n  |2 rdamedia 
338 |a volume  |b nc  |2 rdacarrier 
500 |a Cover title. 
500 |a At head of title: Ministerstwo Obrony Narodowej, Departament Społeczno-Wychowawczy. 
500 |a "Stan prawny na dzień 1 grudnia 1999 r."--V. 1. 
500 |a "Stan prawny na dzień 1 lipca 2000 r."--V. 2. 
500 |a "Stan prawny na dzień 9 sierpnia 2000 r."--V. 3. 
505 0 |a cz. 1. Przepisy o wojskowym postępowaniu dyscyplinarnym wraz z komentarzem -- cz. 2. Przepisy o zatrzymaniu i zawieszaniu w czynnościach służbowych żołnierzy, wykonywaniu oraz odbywaniu kar i środków dyscyplinarnych wraz z komentarzem -- cz. 3. Przepisy o wyróżnianiu żołnierzy, pododdziałów i oddziałów wojskowych wraz z komentarzem. 
650 0 |a Military discipline  |z Poland. 
650 0 |a Military offenses  |z Poland. 
700 1 |a Czułnowski, Marek. 
710 1 |a Poland.  |b Ministerstwo Obrony Narodowej.  |b Departament Społeczno-Wychowawczy. 
948 |a cataloged  |b h  |c 2005/1/3  |d c  |e tchubaryan  |f 2:39:49 pm 
994 |a E0  |b TXA 
999 |a MARS 
999 f f |s db912165-60e2-31f8-a296-78e0c37ce0bc  |i e53cb978-e7c3-34a5-8f7f-fd033ecaf2c2  |t 0 
952 f f |p ric  |a Texas A&M University  |b Rellis Campus  |c Joint Library Facility  |d Remote Storage  |t 0  |e KKP3780.A311997 P65 1999  |h Library of Congress classification  |i unmediated -- volume  |k cz. 3  |m A14831705096 
952 f f |p ric  |a Texas A&M University  |b Rellis Campus  |c Joint Library Facility  |d Remote Storage  |t 0  |e KKP3780.A311997 P65 1999  |h Library of Congress classification  |i unmediated -- volume  |k cz. 2  |m A14831592215 
998 f f |a KKP3780.A311997 P65 1999  |s cz.2-cz.3  |t 0  |l Remote Storage